| 000 | 00549nam a2200217Ia 4500 | ||
|---|---|---|---|
| 005 | 20180804115134.0 | ||
| 008 | 131103s9999 xx 000 0 und d | ||
| 020 |
_a571088570 _cGBP 14.99/Rs 789 |
||
| 040 | _aLoreto College | ||
| 041 | _aEnglish | ||
| 082 |
_a821.91 _bELI |
||
| 100 | _aEliot, T. S. | ||
| 245 | 4 |
_aThe complete poems and plays _cT. S Eliot |
|
| 260 |
_aLondon _bFaber and Faber _c1969 |
||
| 300 | _a608 p. | ||
| 630 | _aEnglish Poetry | ||
| 650 | _aEliot, T.S. | ||
| 651 | _aEnglish Drama | ||
| 850 | _aLCLIB | ||
| 942 | _cBK | ||
| 999 |
_c6466 _d56945 |
||